00399nam a2200169 a 4500001001300000003000900013005001700022008004100039020001000080082001300090245002500103260003100128300000800159500003500167650001800202710000900220nice12345678IN_TiNIC20260116011627.0050524s0000 egya grp 000 0 ara  ac10000a244bSPC aAla Afwahal Haiwanat aEgyptbNo Publishersc0000 a90p aincludes index and biblioraphy aBible Stories2 aSpck